Bible educator, index. (Record no. 16954)

000 -LEADER
fixed length control field 00538nam a2200181 a 4500
001 - CONTROL NUMBER
control field :::00020298$&:&@@
003 - CONTROL NUMBER IDENTIFIER
control field OkBaRHE
005 - DATE AND TIME OF LATEST TRANSACTION
control field 20100331124118.0
008 - FIXED-LENGTH DATA ELEMENTS--GENERAL INFORMATION
fixed length control field s1973 j 000 0 eng u
040 ## - CATALOGING SOURCE
Transcribing agency
100 1# - MAIN ENTRY--PERSONAL NAME
Personal name Hall, Newton M., and Wood, Irving F.
245 10 - TITLE STATEMENT
Title Bible educator, index.
260 ## - PUBLICATION, DISTRIBUTION, ETC. (IMPRINT)
Place of publication, distribution, etc Chicago
Name of publisher, distributor, etc John Rudin & Company
Date of publication, distribution, etc 1973
300 ## - PHYSICAL DESCRIPTION
Extent 533 p.
490 0# - SERIES STATEMENT
Series statement The Book of Life
942 ## - ADDED ENTRY ELEMENTS (KOHA)
Source of classification or shelving scheme
Koha item type Books
Copies
Source of classification or shelving scheme Full call number Koha item type Not for loan Permanent Location Barcode Date acquired Copy number Date last seen Withdrawn status Lost status Price effective from Damaged status Shelving location
 BS 551 .A3 V.9Books RHEMA Bible Training College202982010-04-1412018-02-20  2010-04-14 General Stacks